The tomb in Ancient Egypt : (Record no. 29347)
[ view plain ]
| 000 -LEADER | |
|---|---|
| fixed length control field | 01766pam a2200337 a 4500 |
| 001 - CONTROL NUMBER | |
| control field | 014235263 |
| 003 - CONTROL NUMBER IDENTIFIER | |
| control field | EG-ScBUE |
| 005 - DATE AND TIME OF LATEST TRANSACTION | |
| control field | 20210809103740.0 |
| 008 - FIXED-LENGTH DATA ELEMENTS--GENERAL INFORMATION | |
| fixed length control field | 080710s2008 ua abe f b 001 0 eng d |
| 020 ## - INTERNATIONAL STANDARD BOOK NUMBER | |
| International Standard Book Number | 9789774161667 |
| 035 ## - SYSTEM CONTROL NUMBER | |
| System control number | (OCoLC)ocn180471309 |
| 040 ## - CATALOGING SOURCE | |
| Original cataloging agency | StDuBDS |
| Language of cataloging | eng |
| Description conventions | rda |
| Transcribing agency | StDuBDS |
| Modifying agency | Uk |
| -- | EG-ScBUE |
| 043 ## - GEOGRAPHIC AREA CODE | |
| Geographic area code | f-ua--- |
| 082 04 - DEWEY DECIMAL CLASSIFICATION NUMBER | |
| Classification number | 393.10932 |
| Item number | DOD |
| Edition number | 22 |
| 100 1# - MAIN ENTRY--PERSONAL NAME | |
| Personal name | Dodson, Aidan, |
| Dates associated with a name | 1962- |
| Relator term | author. |
| 245 14 - TITLE STATEMENT | |
| Title | The tomb in Ancient Egypt : |
| Remainder of title | royal and private sepulchres from the early dynastic period to the Romans : with 402 illustrations, 28 in color / |
| Statement of responsibility, etc | Aidan Dodson and Salima Ikram. |
| 264 #1 - PUBLICATION, DISTRIBUTION, ETC. (IMPRINT) | |
| Place of publication, distribution, etc | Cairo ; |
| Name of publisher, distributor, etc | The American University in Cairo Press |
| Place of publication, distribution, etc | London : |
| Name of publisher, distributor, etc | Thames & Hudson Ltd, |
| Date of publication, distribution, etc | 2008. |
| 300 ## - PHYSICAL DESCRIPTION | |
| Extent | 368 pages : |
| Other physical details | illustrations (some color), maps, plans ; |
| Dimensions | 27 cm |
| 336 ## - CONTENT TYPE | |
| Content type term | text |
| Source | rdacontent |
| Content type code | txt |
| 337 ## - MEDIA TYPE | |
| Media type term | unmediated |
| Source | rdamedia |
| Media type code | n |
| 338 ## - CARRIER TYPE | |
| Carrier type term | volume |
| Source | rdacarrier |
| Carrier type code | nc |
| 504 ## - BIBLIOGRAPHY, ETC. NOTE | |
| Bibliography, etc | Includes bibliographical references and index. |
| 505 0# - FORMATTED CONTENTS NOTE | |
| Formatted contents note | Egyptian mortuary beliefs and the nature of the tomb -- The tomb and society -- Construction and decoration -- The study of the Egyptian tomb -- The decoration of the tomb -- Predynastic and early dynastic periods -- The Old Kingdom -- The first intermediate period, the Middle Kingdom and second intermediate period -- The New Kingdom : the early years -- The New Kingdom : the Amarna years -- The New Kingdom : the Ramesside years -- The third intermediate and Saite periods -- The late and Graeco-Roman periods. |
| 650 #7 - SUBJECT ADDED ENTRY--TOPICAL TERM | |
| Topical term or geographic name as entry element | Tombs |
| Geographic subdivision | Egypt |
| General subdivision | History. |
| Source of heading or term | BUEsh |
| 653 ## - INDEX TERM--UNCONTROLLED | |
| Resource For college | Generalities |
| Arrived date list | August2021 |
| 655 ## - INDEX TERM--GENRE/FORM | |
| Form subdivision | Reading book |
| 9 (RLIN) | 34232 |
| 700 1# - ADDED ENTRY--PERSONAL NAME | |
| Personal name | Ikram, Salima, |
| Relator term | author. |
| 9 (RLIN) | 27350 |
| 942 ## - ADDED ENTRY ELEMENTS (KOHA) | |
| Source of classification or shelving scheme | Dewey Decimal Classification |
| Koha item type | Book - Borrowing |
| Withdrawn status | Lost status | Source of classification or shelving scheme | Damaged status | Not for loan | Collection code | Home library | Current library | Shelving location | Date acquired | Source of acquisition | Cost, normal purchase price | Serial Enumeration / chronology | Total Checkouts | Full call number | Barcode | Date last seen | Cost, replacement price | Price effective from | Koha item type |
|---|---|---|---|---|---|---|---|---|---|---|---|---|---|---|---|---|---|---|---|
| Dewey Decimal Classification | Baccah | Central Library | Central Library | First floor | 09/08/2021 | Purchase | 368.00 | 35754 | 393.10932 DOD | 000050508 | 15/07/2025 | 460.00 | 09/08/2021 | Book - Borrowing |